000 01493cam a2200145 4500500
005 20260412000044.0
041 _afre
042 _adc
100 1 0 _aSerna, Pierre
_eauthor
700 1 0 _aCollectifs
_eauthor
245 0 0 _aContre les fascismes : Zeev Sternhell, un historien engagé
260 _bGallimard,
_c2025.
520 _aZeev Sternhell est mort le 21 juin 2020. Depuis, un voile plutôt pudique a été jeté sur sa vision iconoclaste du XIXe siècle français. Voile pudique ou bien… chape de plomb ? Au cœur des débats parfois houleux qui ont accompagné la publication de ses travaux: l’idée selon laquelle le fascisme est à la fois moderne, puisant aux sources de Georges Sorel et du cercle Proudhon, et réactionnaire, sa généalogie remontant à la pensée contre-révolutionnaire et aux anti-Lumières. Dans une France de nouveau en butte aux réactions contre l’universalisme, un collectif réuni par Pierre Serna a souhaité examiner à nouveaux frais l’apport de Sternhell, dressant le bilan, sans concessions ni préjugés, d’une pensée protéiforme qui a profondément renouvelé l’histoire de la France contemporaine, mais aussi celle d’Israël. De ces pages émerge la figure d’un historien combatif, lucide et engagé, qui n’a jamais imaginé son métier autrement que dans sa fonction d’éclaireur du présent.
856 4 1 _uhttps://shs.cairn.info/contre-les-fascismes--9782073099020?lang=fr&redirect-ssocas=7080
999 _c2208888
_d2208888